000 00578nam a2200241 a 4500
001 nice12345678
003 IN_TiNIC
005 20260116011814.0
008 050524s0000 laha grp 000 0 urd
020 _a
_c100
082 0 0 _a160
_bMUH
100 _aMuhammad, Loyalpuri
245 _aAl-Basharat-Fihall-Il-Isharaat.
260 _aLahore
_bNami Grami Kareemi Press
_c0000
300 _a80p
500 _aincludes index and biblioraphy
505 2 _aIndex
650 _aLogic
700 1 _aMuhammad, Loyalpuri
902 _bRBA
942 _cBK
999 _c4109
_d4109